000 00545cam a2200205ua 4500
001 7007
005 20260515114136.0
008 141119n ii |||gr||||Z||||||eng
020 _a8182700381
040 _cMAIN
041 _aeng
082 _a320
100 _aAhmed, A. N. S.,
_eEditor.
245 1 _aNationality question in Assam :
_bThe EPW 1980-81debate /
_cEdited by Abu Nasar Saied Ahmed .
250 _a1st.
260 _aNew Delhi:
_bAkansha publishing,
_c2006.
300 _ax,227p.
653 _aPolitical science
942 _cBK
999 _c6143
_d6143